| 000 | 00492nam a22001457a 4500 | ||
|---|---|---|---|
| 020 | _a0-671-01157-X | ||
| 082 |
_a823 _bDUB/A |
||
| 100 | _aCATHY EAST BUBOWSKI | ||
| 245 |
_aALEX MACK _bTHRUTH TRAP! |
||
| 260 | _bMINISTREL BOOKS | ||
| 300 | _a132 | ||
| 520 | _aSomething is wrong with Alex--she can't tell a lie. And now a goon from Paradise Chemical is snooping around her school asking questions. Will the truth be the end of Alex Mack? | ||
| 650 | _aFOR ALEX, THE TRUTH HURTS! | ||
| 942 | _cBK | ||
| 999 |
_c456 _d456 |
||